[Event "2nd Colonial Open 2021"]
[Site "Sterling"]
[Date "2021.04.03"]
[Round "1.1"]
[White "Mundayat, Abinav"]
[Black "Prasanna Raghuram Rao"]
[Result "0-1"]
[WhiteElo "1941"]
[BlackElo "2435"]
[Annotator "TA"]
[PlyCount "72"]
[EventDate "2021.04.02"]
[EventType "swiss"]
[EventCountry "USA"]
[SourceTitle "playchess.com"]
[Source "ChessBase"]
[SourceQuality "1"]

{[%evp 13,72,0,12,-8,36,-9,0,3,20,27,22,0,5,0,12,10,21,0,0,-3,-6,-4,0,0,-8,-37,-36,-113,-64,-83,0,-54,-54,-50,-34,-83,-57,-79,-62,-94,-66,-95,-96,-210,-96,-106,-1,-54,0,0,6,0,0,-54,-35,-451,-457,-439,-435,-389,-381]} 1. e4 e5 2. Nf3 Nc6 3. Bb5 a6 4. Ba4 Nf6 5. d3 b5 6. Bb3 Bc5 7. O-O d6 8. c3 {C78: Ruy Lopez: Archangelsk and Möller Defences.} Bb6 9. Re1 {is more profitable than 9.a4 at the moment.} h6 10. a4 {The position is equal.} Rb8 11. axb5 axb5 12. h3 O-O 13. Nbd2 {[%cal Bb1d2,Bd2f1,Bf1e3,Be3d5][%mdl 32]} Nh5 14. Nf1 Qf6 {[#]} 15. Ne3 $146 ({Predecessor:} 15. Be3 Nf4 16. Ng3 g6 17. d4 h5 18. Nf1 Re8 19. Bxf4 Qxf4 20. Qd3 exd4 21. cxd4 {1-0 (27) Amonatov,F (2625)-Musakaev,E (2365) Moscow 2013}) 15... Nf4 16. Nd5 Nxd5 17. exd5 Ne7 18. Be3 Bxe3 19. Rxe3 Bb7 20. c4 (20. d4 $1 $15) 20... c5 21. Nd2 {With the idea Ne4.} Ng6 (21... Nf5 $17 {Strongly threatening ...bxc4.} 22. Rf3 Bc8) 22. Ne4 (22. cxb5 $11 Qd8 23. Ne4) 22... Qd8 $15 23. cxb5 f5 24. Nc3 Bc8 25. Re1 f4 {[#] White must now prevent ...f3!} 26. f3 Nh4 {aiming for ...Qg5!} 27. Ne4 Rxb5 28. Bc4 (28. Re2 $17) 28... Rb8 (28... Rxb2 $19 29. Re2 Rb4) 29. Qe2 Bf5 (29... Nf5 $17 30. Ra3 Ne3) 30. Qf2 (30. Ra6 $11 Bxe4 31. dxe4) 30... Bxe4 ({Better is} 30... Rb6 $1 $15) 31. dxe4 $11 Qg5 32. b3 Rf6 {And now ...Rg6 would win.} 33. Ra2 (33. Reb1 $11) 33... Rg6 $15 {Hoping for ...Qh5.} 34. Kh2 $2 {[%mdl 8192]} (34. Qf1 $15) 34... Qh5 $19 ({Don't do} 34... Qxg2+ 35. Qxg2 Rxg2+ 36. Rxg2 $19) 35. Rg1 {[#]} Rg3 $1 36. Qf1 Kh8 {[%mdl 64] Remove Defender.  Weighted Error Value: White=0.43/Black=0.21} 0-1

[Event "2nd Colonial Open 2021"]
[Site "Sterling"]
[Date "2021.04.03"]
[Round "1.2"]
[White "Liang, Jason"]
[Black "Johnson, Donald"]
[Result "1-0"]
[WhiteElo "2351"]
[BlackElo "1995"]
[Annotator "TA"]
[PlyCount "119"]
[EventDate "2021.04.02"]
[EventType "swiss"]
[EventCountry "USA"]
[SourceTitle "playchess.com"]
[Source "ChessBase"]
[SourceQuality "1"]

{[%evp 9,118,12,9,0,19,10,25,14,17,14,17,15,29,15,21,26,6,12,20,21,72,74,112,114,110,104,254,225,436,436,443,452,431,404,327,316,327,318,307,148,148,148,148,148,178,170,161,174,188,175,199,185,195,193,192,178,191,200,287,291,307,279,380,379,360,364,396,410,454,454,537,538,837,788,778,730,2783,2816,29975,29976,29970,2743,29973,6605,29981,29982,29984,29985,29985,29986,29986,29987,29987,29988,29988,29989,29990,29991,29991,29992,29992,29991,29995,29996,29996,29997,29997,29998,29998,29999,29999]} 1. e4 c5 2. Nf3 d6 3. Bb5+ Nd7 4. a4 Ngf6 5. Nc3 a6 6. Be2 {B51: Sicilian: Moscow Variation (3 Bb5+) without 3...Bd7.} e6 7. O-O Be7 8. d4 {White has an edge.} cxd4 9. Qxd4 b6 10. Rd1 Qc7 11. Be3 Bb7 12. Nd2 O-O 13. Nc4 {[%cal Rc4d6]} d5 14. exd5 {[#]} Bc5 $146 {[#]} (14... Nxd5 $11 15. a5 (15. Nxd5 Bxd5 16. c3 Nc5 $11) 15... bxa5) ({Predecessor:} 14... Nxd5 15. Nxd5 Bxd5 16. Bf4 Qb7 17. Nd6 Bxd6 18. Bxd6 Rfc8 19. Ra3 Qc6 20. Rg3 g6 {1-0 (42) Carlsen,M (2863)-Wei,Y (2732) chess24.com INT 2020}) 15. d6 $1 $16 Bxd4 (15... Qc6 16. Bf3) 16. dxc7 Bxe3 17. fxe3 {a5 is the strong threat.} Rfc8 {A mistake that costs the game.} (17... Rac8 $16) 18. Nd6 Ra7 $2 (18... Rxc7 19. Nxb7 Rxb7) 19. Nxb7 $18 {[%mdl 64] Overworked Piece} ({Less strong is} 19. Nxc8 Bxc8 20. a5 bxa5 $18) 19... Rxb7 20. Bxa6 Rbxc7 21. Bxc8 Rxc8 22. Rd6 Kf8 23. Rad1 Ke7 24. Ne4 Nd5 $16 {[#]} 25. Rxd7+ $1 Kxd7 {[%mdl 4096] Endgame KRN-KRN} 26. Nc3 $1 {And now e4 would win.} Ke7 27. Nxd5+ exd5 $18 {KR-KR} 28. c3 ({Don't play} 28. Rxd5 Rxc2 29. Rb5 Rc6 $16) 28... Ke6 29. Rd4 Ke5 30. Kf2 Rc6 31. Rf4 f5 32. Rh4 h6 33. Rb4 Kd6 (33... h5 $142 34. Ke2 Rh6) 34. Rb5 Ke5 35. Ke2 Rg6 36. g3 Rc6 37. Kd3 Ke6 38. b3 Rd6 39. Kd4 g6 40. b4 g5 41. a5 bxa5 42. bxa5 Rd7 43. Rb6+ Kf7 44. a6 Rd8 45. Rxh6 (45. a7 $142 Ra8 46. Rxh6 Ke7 47. Kxd5 g4 48. Kc6 Rd8 49. Rh7+ Ke6 50. Kb7) 45... Rc8 46. a7 Rc4+ 47. Kxd5 {White mates.} Ra4 48. Rh8 Ra5+ 49. Kd4 Ra4+ 50. c4 f4 51. gxf4 gxf4 52. exf4 Ke6 53. a8=Q Rxa8 54. Rxa8 {KR-K} Kf5 55. Rf8+ Kg4 56. Ke4 Kh3 57. Kf3 {[%cal Rf8h8]} Kxh2 58. Rh8+ Kg1 59. Rh3 Kf1 60. Rh1# {Weighted Error Value: White=0.07/Black=0.60} 1-0

[Event "2nd Colonial Open 2021"]
[Site "Sterling"]
[Date "2021.04.03"]
[Round "1.3"]
[White "Huang, Evan"]
[Black "Paul, Justin"]
[Result "0-1"]
[WhiteElo "1896"]
[BlackElo "2249"]
[Annotator "TA"]
[PlyCount "98"]
[EventDate "2021.04.02"]
[EventType "swiss"]
[EventCountry "USA"]
[SourceTitle "playchess.com"]
[Source "ChessBase"]
[SourceQuality "1"]

{[%evp 12,98,30,28,50,43,79,5,7,14,45,-10,-18,-10,-12,-14,-14,-15,-20,-26,-19,-27,-9,-6,0,-7,0,-3,15,8,13,0,0,-22,-15,-20,-26,-19,-16,-66,0,0,0,0,0,-34,-36,-22,-35,-36,-17,-30,-30,-29,-31,-29,-29,-28,-26,-152,-162,-150,-151,-155,-79,-79,-79,-79,-83,-197,-183,-183,-183,-170,-155,-155,-155,-155,-155,-147,-154,-155,-109,-1173,-1161,-1294,-1272,-6075,-5471]} 1. c4 Nf6 2. Nf3 g6 3. g3 Bg7 4. Bg2 O-O 5. O-O d6 6. Nc3 e5 $1 {6...e5 is better than 6...Nc6.} 7. d4 Qe7 {A24: English Opening vs King's Indian: Lines without ...Nc6.} 8. Bg5 c6 9. dxe5 ({Better is} 9. Qd2 $16) 9... dxe5 $11 {The position is equal.} 10. Ne4 {[#]} Rd8 $146 ({Predecessor:} 10... Qe6 11. Nxf6+ Bxf6 12. Bxf6 Qxf6 13. Qc2 Na6 14. Rfd1 Bf5 15. Qc3 Rfe8 16. b4 Qe7 {0-1 (72) Botlhole,K (1728)-Wafa,S (2148) Livingstone 2018}) 11. Nfd2 (11. Qb3 $14) 11... Nbd7 12. Qc2 h6 13. Bxf6 Nxf6 14. Nxf6+ Bxf6 15. Ne4 Bg7 16. c5 Bf5 17. Rad1 Rd5 18. b4 Rd4 19. a3 Rad8 20. e3 R4d7 21. Qe2 Be6 22. Qc2 f5 23. Rxd7 Rxd7 24. Nd6 e4 25. Rd1 Qf6 ({Black should try} 25... Be5 $1 $15) 26. Rd4 Qf8 27. Rd2 a6 28. Nc4 Rxd2 29. Nxd2 Qf6 {[#] Hoping for ...Qb2.} 30. Nc4 Kf8 31. Bf1 Qc3 32. Qxc3 Bxc3 {[%mdl 4096] Endgame KBB-KBN} 33. Nd6 Bb2 34. a4 Ba3 35. b5 (35. Nxb7 $11 {keeps the balance.} Bxb4 36. Nd8) 35... axb5 $17 ({And not} 35... Bxc5 36. Nxb7 Bb6 37. a5 $11 (37. bxc6 Bd5 $15) (37. bxa6 Ke7 $11)) 36. axb5 cxb5 ({But not} 36... Bxc5 $6 37. Nxb7 Bb6 38. bxc6 $11) 37. Bxb5 b6 ({Much less strong is} 37... Bxc5 38. Nxb7 Bb6 39. Nd6 $17) (37... Bd5 $142 38. Ne8 Ke7) 38. Nc4 Bxc5 39. Ne5 g5 40. h4 {[#]} (40. Nd7+ $17 {was necessary.} Ke7 41. Nxc5 bxc5 42. Kf1) 40... Ke7 $1 $19 41. hxg5 hxg5 42. Kf1 Bd6 43. Nc6+ Kf6 44. Nd4 Bc8 45. Ke2 Be5 46. Nb3 Bc3 47. Bc4 $2 {[%mdl 8192]} (47. Nd2 $17) 47... Be6 {Black is clearly winning.} 48. Bxe6 Kxe6 49. f3 Kd5 {Weighted Error Value: White=0.52/Black=0.08} 0-1

[Event "2nd Colonial Open 2021"]
[Site "Sterling"]
[Date "2021.04.03"]
[Round "1.4"]
[White "Chiu, Isaac"]
[Black "Taylor, Stewart"]
[Result "1-0"]
[WhiteElo "2195"]
[BlackElo "1918"]
[Annotator "TA"]
[PlyCount "63"]
[EventDate "2021.04.02"]
[EventType "swiss"]
[EventCountry "USA"]
[SourceTitle "playchess.com"]
[Source "ChessBase"]
[SourceQuality "1"]

{[%evp 9,63,77,86,79,81,31,74,48,46,49,71,64,75,38,40,37,37,37,37,38,42,35,54,47,62,26,33,39,41,-64,64,60,91,72,103,76,79,104,157,141,270,275,253,243,306,306,347,347,507,505,626,624,615,615,589,585]} 1. c4 d5 2. cxd5 e6 3. dxe6 Bxe6 4. Nf3 {[#]} c5 $146 ({Predecessor:} 4... Nc6 5. Nc3 Bc5 6. e3 a6 7. d4 Bb4 8. Bd3 f6 9. O-O Qd7 10. a3 Bxc3 11. bxc3 Na5 12. Nd2 O-O-O 13. Qe2 {1-0 (13) Vasilevich,I (2345)-Bilescu,L (1997) Iasi 2014}) 5. g3 Nc6 6. Bg2 {A10: English Opening: Unusual Replies for Black.} Qd7 7. h3 Nge7 8. d3 {White is better.} h6 9. b3 Nd4 {Strongly threatening ...Nxf3+.} 10. Nbd2 Nec6 11. Bb2 Be7 12. e3 Nxf3+ 13. Nxf3 O-O 14. d4 cxd4 15. Nxd4 Bb4+ 16. Kf1 Rfd8 17. Qh5 Nxd4 18. Bxd4 Rac8 19. g4 (19. Kg1 $14) 19... Rc2 (19... Bc3 $15 20. Bxc3 Qd3+ 21. Kg1 Qxc3) 20. Be4 $14 Rd2 21. Kg2 $40 {[%mdl 128] White has strong attack.} Rxd4 22. exd4 Qxd4 {[#]} 23. Bf3 ({But not} 23. Bxb7 $2 Bd5+ 24. Bxd5 Rxd5 $19) 23... Bc5 {[#]} (23... a6 $142) 24. Rhf1 $1 $16 {Hoping for Rad1.} Rd5 {[#]} (24... Qb4 $16 25. Qe5 Bd4) 25. Rad1 $1 $18 Rxh5 26. Rxd4 {Threatens to win with Rd8+.} Bxd4 27. gxh5 {KRB-KB} b6 28. Rd1 Bf6 (28... Bc5 $142 29. Rd8+ Kh7) 29. Bg4 {White is clearly winning.} Bxg4 30. hxg4 Kf8 31. Rd7 a5 32. Rd6 {Weighted Error Value: White=0.16/Black=0.35} 1-0

[Event "2nd Colonial Open 2021"]
[Site "Sterling"]
[Date "2021.04.03"]
[Round "1.5"]
[White "Dill, James"]
[Black "Park, Evan"]
[Result "0-1"]
[WhiteElo "1823"]
[BlackElo "2208"]
[Annotator "TA"]
[PlyCount "56"]
[EventDate "2021.04.02"]
[EventType "swiss"]
[EventCountry "USA"]
[SourceTitle "playchess.com"]
[Source "ChessBase"]
[SourceQuality "1"]

{[%evp 17,56,35,53,23,58,60,57,19,21,19,44,0,4,6,37,8,14,0,0,-8,-9,-16,-9,-261,-268,-283,-273,-260,-229,-248,-244,-404,-400,-509,-403,-425,-417,-455,-463,-459,-459]} 1. d4 f5 2. Nf3 Nf6 3. g3 g6 4. Bg2 Bg7 5. O-O d6 6. c4 O-O 7. Nc3 c6 8. b3 Na6 9. Bb2 Bd7 10. Rc1 {A88: Dutch Defence: Leningrad System: 5 Nf3 0-0 6 0-0 d6 7 Nc3 c6.} b5 11. cxb5 cxb5 {[#]} 12. b4 $146 {White is slightly better.} ({Predecessor:} 12. Ne1 Rb8 13. Nd3 e6 14. b4 Qb6 15. e4 fxe4 16. Nxe4 Nxe4 17. Bxe4 Bxd4 18. Nc5 Bxc5 19. bxc5 Nxc5 {0-1 (29) Ocantos,M-Alonso Moyano,J (2372) La Pobla de Lillet 2006}) 12... e6 13. Qb3 Nc7 {[%cal Ba6c7,Bc7d5,Bd5b6,Bb6c4][%mdl 32]} 14. Rc2 (14. d5 $5) 14... Rb8 15. Rfc1 Nfd5 16. Nxd5 Nxd5 17. Nd2 Nb6 18. e3 d5 19. Qa3 Nc4 20. Qxa7 {[%mdl 8192] [#] White does not recover from this.} (20. Qc3 $11 {and White has nothing to worry.}) 20... Ra8 $19 21. Qb7 Rf7 {Strongly threatening ...Be8.} ({Less strong is} 21... Rxa2 22. Bc3 $17) 22. Nxc4 bxc4 23. Bxd5 Rb8 {[%mdl 64] [#] Zwischenzug} ({But not} 23... exd5 24. Qxd5 Rxa2 25. Qxc4 $17) 24. Qa6 (24. Rxc4 {keeps fighting.} Rxb7 25. Bxb7) 24... exd5 25. Bc3 Bf8 {And now ...Ra8 would win.} 26. Qa3 Qb6 27. Qb2 Ba4 28. Re2 Bxb4 {Weighted Error Value: White=0.52/Black=0.14} 0-1

[Event "2nd Colonial Open 2021"]
[Site "Sterling"]
[Date "2021.04.03"]
[Round "1.6"]
[White "Miller, Daniel"]
[Black "Tay, Brian"]
[Result "1-0"]
[WhiteElo "2182"]
[BlackElo "1740"]
[Annotator "TA"]
[PlyCount "53"]
[EventDate "2021.04.02"]
[EventType "swiss"]
[EventCountry "USA"]
[SourceTitle "playchess.com"]
[Source "ChessBase"]
[SourceQuality "1"]

{[%evp 11,53,44,30,31,20,19,21,0,0,0,26,-9,12,0,7,-26,-7,-43,-47,-68,5,5,107,52,213,182,632,621,603,606,29978,29978,29966,5631,1275,420,29994,445,422,429,566,562,642,645]} 1. e4 c5 2. c3 d5 3. exd5 Qxd5 4. d4 g6 5. Nf3 Bg7 6. Na3 cxd4 7. Bc4 {B06: Modern Defence.} Qe4+ {[#]} 8. Be3 $1 {Strongly threatening Nb5.} Nh6 {[#]} (8... dxe3 $2 {[#]} 9. Bxf7+ $1 {[%mdl 512]} Kxf7 10. Ng5+ Ke8 11. Nxe4 $18) 9. Nb5 $1 {The position is equal.} O-O 10. cxd4 {And now Nc7 would win.} Nc6 11. Bd3 Qg4 12. h3 $36 {[%mdl 2048] White is pushing.} Qd7 (12... Qxg2 $2 13. Rh2 $18) 13. g4 {[#]} f5 $146 ({Predecessor:} 13... Nb4 14. Be2 Nd5 15. Qd2 Nxe3 16. Qxe3 a6 17. Nc3 f6 18. d5 e5 19. O-O-O Nf7 {0-1 (45) Korneev,O (2609)-Saduakassova,D (2336) Nakhchivan 2013}) 14. Qd2 fxg4 15. Ng5 Qd5 ({Much worse is} 15... gxh3 16. Bc4+ Nf7 17. Rxh3 $11) (15... Nf7 $15 16. Bc4 Ncd8) 16. Ne4 Nxd4 (16... Nf7 $11) 17. Nxd4 ({White should try} 17. Bxd4 $16 Bxd4 18. Nxd4 (18. Qxh6 Bxf2+ {[%mdl 64] Remove Defender} 19. Nxf2 g3 $11) 18... Qxd4 19. Qxh6 gxh3 20. O-O-O) 17... Bxd4 {Black cannot hold the game after this.} (17... Nf5 $1 $14 18. Nc2 (18. Nxf5 Bxf5 19. Rc1 Bxe4 $15) 18... gxh3) 18. Bxh6 Rxf2 $2 (18... Rd8 19. Qe2 Bc3+ 20. bxc3 Qxd3 21. hxg4 Qxe2+ 22. Kxe2 Bxg4+ 23. f3 Bf5) 19. Nxf2 $18 Bxf2+ 20. Qxf2 {[%csl Gh6][%cal Rf2f8]} Qxh1+ 21. Kd2 {[%csl Gh6][%cal Rf2f8]} Qf3 22. Bc4+ e6 23. Rf1 (23. Qd4 $142 {[%csl Gh6][%cal Rd4g7]} Qg2+ 24. Ke1 Qg3+ 25. Kd1 Qf3+ 26. Kd2 Qg2+ 27. Ke1 Qg3+ 28. Kd1 Qf3+ 29. Kc2 Qg2+ 30. Bd2) 23... Bd7 (23... Qxf2+ $18 24. Rxf2 Bd7 25. hxg4 b5) 24. hxg4 (24. Qd4 $142 Qg2+ 25. Rf2 Qxf2+ 26. Qxf2 Rd8 27. Qd4 Kf7 28. Qg7+ {[%mdl 64] Double Attack} Ke8 29. Qf8#) 24... Qxf2+ {White is clearly winning.} 25. Rxf2 Rd8 26. Ke3 Bc8 27. a4 {Weighted Error Value: White=0.65/Black=1.21} 1-0

[Event "2nd Colonial Open 2021"]
[Site "Sterling"]
[Date "2021.04.03"]
[Round "1.7"]
[White "Kanli, Alperen"]
[Black "Yanayt, Eugene"]
[Result "1-0"]
[WhiteElo "1911"]
[BlackElo "2079"]
[Annotator "TA"]
[PlyCount "79"]
[EventDate "2021.04.02"]
[EventType "swiss"]
[EventCountry "USA"]
[SourceTitle "playchess.com"]
[Source "ChessBase"]
[SourceQuality "1"]

{[%evp 11,79,0,93,93,93,93,101,84,83,76,82,68,87,81,77,59,68,65,96,72,106,62,85,57,55,53,65,-14,50,47,47,57,42,45,66,62,162,143,159,119,412,389,449,131,120,122,124,54,67,51,43,0,97,87,126,134,142,139,106,123,636,631,577,154,146,135,397,395,377,281]} 1. d4 Nf6 2. c4 g6 3. Nc3 Bg7 4. e4 d6 5. f4 c5 6. d5 e5 (6... O-O $11 {remains equal.}) 7. fxe5 $16 {E76: King's Indian: Four Pawns Attack: Lines specific to 6 Nf3 move-order.} dxe5 8. Nf3 O-O 9. Be2 {White is better.} ({Stronger than} 9. Nxe5 Re8 $17) 9... Ne8 10. Bg5 f6 11. Be3 b6 12. Qd2 Nd6 {[#]} 13. Bh6 $146 ({Predecessor:} 13. Bd3 f5 14. Bg5 Bf6 15. Bh6 Re8 16. g3 Ba6 17. Qe2 Nd7 18. O-O-O Rb8 19. h4 {1-0 (40) Perez Gonsalves,E-Saborido Carre,R Las Palmas 1964}) 13... Rf7 14. Bxg7 Kxg7 15. Qe3 Na6 16. a3 Bd7 17. O-O Rb8 18. Rab1 (18. h3 {looks sharper.} Qe7 19. Bd3 Kg8 20. Rf2 Nc7 21. b3) 18... Rc8 19. Nb5 (19. Bd3 $14) 19... Nxb5 ({Better is} 19... Bxb5 $11 20. cxb5 Nc7) 20. cxb5 $14 Nc7 21. a4 Ne8 22. Nd2 Qc7 23. Nc4 a6 (23... Nd6 $14) 24. bxa6 $18 Bxa4 25. Ra1 $1 {d6 is the strong threat.} Bb5 $2 {[%mdl 8192]} (25... Bd7 $16 {was worth a try.} 26. g4 Kg8) 26. d6 $1 {[%cal Rd6c7]} Qc6 27. Qb3 (27. Qh3 $18 {has better winning chances. aiming for Nxe5!} Ra8 28. Nxe5 $1 {[%mdl 576] Pin} Qxd6 29. Qh6+ $3 {[%mdl 512]} (29. Bxb5 Qxe5 30. Qb3 Nc7 $16) (29. Nxf7 Qd4+ 30. Rf2 Bxe2 $18) 29... Kxh6 30. Nxf7+ Kg7 31. Nxd6 Bxe2 32. Nxe8+ Rxe8 33. Rfe1) 27... Bxc4 $16 28. Bxc4 Ra7 29. Bd5 (29. Bb5 $16 Qxd6 30. Rfd1) 29... Qxd6 $14 30. Bb7 $1 $36 {[%cal Rb7c8][%mdl 2048] White has good play.} c4 $1 {[%cal Rc4b3]} 31. Qh3 Rd8 (31... Rc7 $11) 32. Rad1 $1 $16 {[%cal Rd1d6]} (32. Bd5 Nc7 $17) 32... Qc5+ 33. Kh1 Rd6 34. Rxd6 Qxd6 35. Qg4 Nc7 $2 {[%mdl 8192] [#]} (35... h5 $16 36. Qc8 {[%mdl 64] Double Attack} Nc7) 36. Rd1 $1 $18 {[%cal Rd1d6]} Qe6 37. Qxe6 (37. Rd7+ $18 Kh8 38. Qd1 Nxa6 39. Rd8+ Kg7 40. Bd5) 37... Nxe6 $16 {[#]} 38. Rd6 $1 {[%cal Rd6e6]} Kf7 {[%mdl 8192]} (38... Nc5 $16 {was necessary.} 39. Rxb6 Kf8) 39. Bd5 $18 Rxa6 {[%cal Ra6a1]} 40. h3 {Weighted Error Value: White=0.39/Black=0.58} ({Not} 40. Bxe6+ $2 Ke7 $19) 1-0

[Event "2nd Colonial Open 2021"]
[Site "Sterling"]
[Date "2021.04.03"]
[Round "1.8"]
[White "Lee, Justin"]
[Black "Yogeshwar Yehamandram Sridhar"]
[Result "0-1"]
[WhiteElo "1953"]
[BlackElo "1794"]
[Annotator "TA"]
[PlyCount "96"]
[EventDate "2021.04.02"]
[EventType "swiss"]
[EventCountry "USA"]
[SourceTitle "playchess.com"]
[Source "ChessBase"]
[SourceQuality "1"]

{[%evp 9,96,-31,-17,-31,-13,-20,-27,-26,-23,-31,-10,-46,-44,-62,-32,-72,-55,-78,-66,-59,-50,-52,-53,-55,-52,-88,0,6,22,0,0,-3,73,54,111,97,107,104,135,134,142,123,194,178,188,176,196,194,201,187,189,193,196,152,134,74,72,69,239,239,239,239,239,239,250,245,254,193,193,-72,-15,-672,-455,-1619,-1642,-1391,-1040,-606,0,0,0,-29990,-29991,-29991,-29992,-29994,-29995,-29997,-29998]} 1. e4 c5 2. Nc3 Nc6 3. g3 Nf6 4. Bg2 e6 5. Nh3 Be7 6. O-O {B24: Closed Sicilian: 3 g3 sidelines.} O-O {[#]} 7. f4 $146 ({Predecessor:} 7. d3 d5 8. exd5 exd5 9. Nf4 Bg4 10. Qd2 d4 11. Ncd5 Ne5 12. Nxf6+ Bxf6 13. f3 Bd7 14. Nd5 Bc6 15. Nxf6+ Qxf6 {0-1 (46) Morrison,C (2200)-Plaskett,H (2440) Manchester 1983}) 7... d5 8. e5 {Black has an edge.} Nd7 9. d3 a6 10. Qh5 Nd4 11. Rf2 Rb8 12. Be3 g6 13. Qd1 Nf5 14. Bd2 h5 15. Qe1 b5 16. Nd1 Nb6 17. c3 c4 (17... d4 $17) 18. d4 $11 a5 19. Ng5 b4 20. Bh3 Kg7 (20... Na4 $11) 21. Bxf5 $16 {aiming for Bc2.} ({Much weaker is} 21. cxb4 Nxd4 22. Rc1 Nd7 $15) 21... exf5 (21... bxc3 $14 22. Bxc3 (22. Nxc3 gxf5 23. Nd1 a4 $11) 22... gxf5) 22. cxb4 axb4 23. Bxb4 Na4 24. Bxe7 Qxe7 25. Qa5 Qd7 (25... Qb4 $16 {was worth a try.} 26. Qxb4 (26. Qxd5 Bb7 $16) 26... Rxb4) 26. b3 Nb6 27. Ne3 cxb3 28. axb3 Ra8 29. Qc3 ({Weaker is} 29. Qxb6 Rxa1+ 30. Kg2 Ra6 $17) 29... Rxa1+ 30. Qxa1 Qb5 31. Qa7 Qxb3 32. Rf3 ({Better is} 32. Nc2) 32... Qb1+ 33. Kg2 Kg8 $2 (33... Nc4 $1 $14) 34. Qe7 $1 $18 Qb2+ 35. Kh3 Qxd4 36. Ng2 $1 {[%cal Rg2h4] Nh4 is the strong threat.} ({Inferior is} 36. Nh7 Kxh7 37. Qxf8 Be6 $11) 36... Qa4 {[#]} 37. Nh7 $1 {[%mdl 512]} Kxh7 38. Qxf8 Be6 39. Qc5 {[#]} (39. Ra3 $1 $18 {[%cal Ra3a4]} Qc4 40. Ne1) 39... Qd1 40. Qe3 {[%mdl 8192]} (40. Ne1 $11) 40... Nc4 41. Qd3 (41. Qb3 $142 Qg1 42. Qd3 Nxe5 43. Rf1 Qxg2+ 44. Kxg2 Nxd3 45. Rd1) 41... Nd2 $19 42. Nh4 d4 43. Qxd4 {[#]} Qe1 $2 (43... Qh1 $1 $19 {( -> ...g5)} 44. Qxd2 g5 45. fxg5 f4+ 46. Nf5 Qxf3 47. Qxf4 Bxf5+ 48. Kh4 Qg4+ 49. Qxg4 Bxg4 50. g6+ Kxg6) 44. Rf2 $11 Ne4 45. Rg2 {[%mdl 8192]} (45. Kg2 $11) 45... Qf1 {Black mates.} 46. Nxg6 Kxg6 47. Qg1 Qf3 {[%csl Ge6,Gf5,Gh5][%cal Rf3g4]} 48. Rc2 {[#]} Ng5+ $1 {[%mdl 512] Weighted Error Value: White=0.56/Black=0.38} 0-1